[Event "World Cup U12 Prel"]
[Site "Tornelo INT"]
[Date "2021.08.06"]
[Round "5"]
[White "Pang, Brian"]
[Black "Rajandu, Aaron"]
[Result "1-0"]
[WhiteElo "1799"]
[BlackElo "1233"]
[PlyCount "93"]
[EventDate "2021.08.06"]
[EventType "swiss (rapid)"]
[EventRounds "10"]
[EventCountry "NET"]
[SourceTitle "EXT 2025"]
[Source "ChessBase"]
[SourceDate "2024.10.14"]
[SourceVersion "1"]
[SourceVersionDate "2024.10.14"]
[SourceQuality "1"]

1. Nf3 d5 2. d4 Nf6 3. c4 c6 4. cxd5 cxd5 5. Nc3 e6 6. Bf4 Bd6 7. Bxd6 Qxd6 8. e3 Nc6 9. a3 0-0 10. Bd3 e5 11. dxe5 Nxe5 12. Nxe5 Qxe5 13. 0-0 Bg4 14. Be2 Be6 15. Qd4 Qg5 16. Bf3 Rfd8 17. Rfd1 Ng4 18. Ne2 Ne5 19. Kh1 Nxf3 20. gxf3 Qh5 21. Qf4 Rac8 22. Nd4 h6 23. Rg1 Kh7 24. Qg3 g6 25. Rac1 Bd7 26. Rc7 Rb8 27. Rxd7 Rxd7 28. Qxb8 Re7 29. Qf4 Kh8 30. Qg4 Qe5 31. Qg3 Qf6 32. Rc1 Re5 33. Qf4 Qg7 34. Rc8+ Kh7 35. Rc7 Rf5 36. Nxf5 gxf5 37. Qxf5+ Kh8 38. Rc8+ Qg8 39. Qf6+ Kh7 40. Rxg8 Kxg8 41. Kg2 Kh7 42. Kg3 d4 43. Kh4 d3 44. Kh5 d2 45. Qxf7+ Kh8 46. Kxh6 d1Q 47. Qg7# 1-0